La controversia respecto al pago de la jornada reducida (art. 198, LCT) (Registro nro. 18599)

Detalles MARC
000 -LEADER
fixed length control field 00344 a2200109 4500
001 - CONTROL NUMBER
control field ART_38419
005 - DATE AND TIME OF LATEST TRANSACTION
control field 20260410161739.0
008 - FIXED-LENGTH DATA ELEMENTS--GENERAL INFORMATION
fixed length control field 260409a
100 1# - MAIN ENTRY--PERSONAL NAME
Personal name Slavin, Luis P.
245 10 - TITLE STATEMENT
Title La controversia respecto al pago de la jornada reducida (art. 198, LCT)
773 0# - HOST ITEM ENTRY
Title Doctrina laboral
Related parts - Nº 348 (ago. 2014)
Record control number REV4049

No hay ítems disponibles.